I'm a big sister / (Record no. 55)

MARC details
000 -LEADER
fixed length control field 01186nam a22003377a 4500
001 - CONTROL NUMBER
control field 55
003 - CONTROL NUMBER IDENTIFIER
control field FISKH
005 - DATE AND TIME OF LATEST TRANSACTION
control field 20230220112655.0
008 - FIXED-LENGTH DATA ELEMENTS--GENERAL INFORMATION
fixed length control field 230220b cb ||||| |||| 00| 0 eng d
010 ## - LIBRARY OF CONGRESS CONTROL NUMBER
LC control number 96014837
020 ## - INTERNATIONAL STANDARD BOOK NUMBER
International Standard Book Number 0688145094
040 ## - CATALOGING SOURCE
Original cataloging agency DLC
Transcribing agency DLC
Modifying agency DLC
Language of cataloging eng
042 ## - AUTHENTICATION CODE
Authentication code lcac
050 00 - LIBRARY OF CONGRESS CALL NUMBER
Classification number PZ7.C67346
Item number Iad 1997
082 00 - DEWEY DECIMAL CLASSIFICATION NUMBER
Classification number 813.54
Edition number 20
100 1# - MAIN ENTRY--PERSONAL NAME
Personal name Cole, Joanna.
245 10 - TITLE STATEMENT
Title I'm a big sister /
Statement of responsibility, etc. by Joanna Cole ; illustrated by Maxie Chambliss.
246 3# - VARYING FORM OF TITLE
Title proper/short title I am a big sister
260 ## - PUBLICATION, DISTRIBUTION, ETC.
Place of publication, distribution, etc. New York :
Name of publisher, distributor, etc. Morrow Junior Books,
Date of publication, distribution, etc. c1997.
300 ## - PHYSICAL DESCRIPTION
Extent 1 v. (unpaged) :
Other physical details col. ill. ;
Dimensions 19 cm.
520 ## - SUMMARY, ETC.
Summary, etc. A sister enumerates the joys of welcoming a new baby to the family and the advantages of already being "big."
521 8# - TARGET AUDIENCE NOTE
Target audience note 200
Source Lexile
521 8# - TARGET AUDIENCE NOTE
Target audience note D
Source Raz-Plus
650 #1 - SUBJECT ADDED ENTRY--TOPICAL TERM
Topical term or geographic name entry element Sisters
General subdivision Fiction.
650 #1 - SUBJECT ADDED ENTRY--TOPICAL TERM
Topical term or geographic name entry element Babies
General subdivision Fiction.
700 1# - ADDED ENTRY--PERSONAL NAME
Personal name Chambliss, Maxie,
Relator term ill.
856 42 - ELECTRONIC LOCATION AND ACCESS
Materials specified Publisher description
Uniform Resource Identifier <a href="http://www.loc.gov/catdir/description/hc044/96014837.html">http://www.loc.gov/catdir/description/hc044/96014837.html</a>
856 42 - ELECTRONIC LOCATION AND ACCESS
Materials specified Contributor biographical information
Uniform Resource Identifier <a href="http://www.loc.gov/catdir/enhancements/fy0911/96014837-b.html">http://www.loc.gov/catdir/enhancements/fy0911/96014837-b.html</a>
906 ## - LOCAL DATA ELEMENT F, LDF (RLIN)
a 7
b cbc
c orignew
d 1
e ocip
f 19
g y-gencatlg
942 ## - ADDED ENTRY ELEMENTS (KOHA)
Source of classification or shelving scheme Library of Congress Classification
Koha item type Books
Suppress in OPAC No
Holdings
Withdrawn status Lost status Source of classification or shelving scheme Damaged status Not for loan Collection Home library Current library Shelving location Date acquired Total Checkouts Full call number Barcode Date last seen Date last checked out Price effective from Koha item type
    Dewey Decimal Classification     Juvenile Fiction Footprints International School Library Network Toul Kork Campus Footprints International School Library Network Toul Kork Campus TK Primary Library Room(4th Floor), Bookcase 7, Shelves 57-60, Dark Green Books 02/20/2023 2 COL 813.54 PZ7.c67346 FISBK05646 03/25/2026 12/10/2025 02/20/2023 Books